Oceňovanie dlhodobého nehmotného majetku v účtovníctve bakalárska práca

Guardado en:
Detalles Bibliográficos
Autor principal: Kratochvíl, Gabriel
Autor Corporativo: Fakulta hospodárskej informatiky EU. Katedra účtovníctva a audítorstva
Otros Autores: Göghová, Tímea
Formato: Libro
Lenguaje:eslovaco
Publicado: Bratislava 2010
Etiquetas: Agregar Etiqueta
Sin Etiquetas, Sea el primero en etiquetar este registro!

MARC

LEADER 00000nam$a2200000$$$4500
001 0137070
005 20240320072817.3
041 0 |a slo 
044 |a SK 
245 1 0 |a Oceňovanie dlhodobého nehmotného majetku v účtovníctve  |b bakalárska práca  |c Gabriel Kratochvíl ; školiteľ: Tímea Göghová 
264 1 |a Bratislava  |c 2010 
300 |a 40 s. 
100 1 |a Kratochvíl, Gabriel 
700 1 |a Göghová, Tímea 
710 2 |a Fakulta hospodárskej informatiky EU. Katedra účtovníctva a audítorstva